| 000 | 00971 a2200265 4500 | ||
|---|---|---|---|
| 005 | 20180312141942.0 | ||
| 008 | 131002s1991 sp a ar|||| 00| 0 spa d | ||
| 020 | _a8424132572 | ||
| 040 |
_aCO-BoUCM _bspa _cJose A. Gerena _dJose A. Gerena |
||
| 041 | 1 | 0 | _aspa |
| 100 | 1 |
_aTürk, Hanne _947095 |
|
| 245 | 1 | 0 |
_aAlex y la varita mágica _cHanne Türk , ilustraciones de Paco Capdevila |
| 260 |
_c1991 _bEverest _aLeón (Castilla y León, España) |
||
| 300 |
_a62 páginas _bilustraciones a color |
||
| 490 |
_aLa torre y la flor _v136 |
||
| 501 | _aCon: Alex cruza el río | ||
| 650 | 7 |
_918516 _aLibros ilustrados para niños |
|
| 650 | 7 |
_918524 _aLibros y lectura para niños |
|
| 650 | 7 |
_937718 _aLiteratura infantil alemana |
|
| 650 | 7 |
_99115 _aAnimales en la literatura |
|
| 690 |
_942863 _aLiteratura europea |
||
| 700 | 1 |
_aCapdevila, Paco _eilustrador _947023 |
|
| 942 |
_a18 _cLIBRO _e1 _mT847 _2DEWEY _h838.914 _n0 |
||
| 999 |
_c181777 _d181777 |
||